| 000 | 00420nam a2200145Ia 4500 | ||
|---|---|---|---|
| 008 | 210430s9999 xx 000 0 und d | ||
| 020 | _a9781569904718 | ||
| 082 | _a668.413 W571 T | ||
| 100 |
_aJames L.White, Eung K.Kim _954051 |
||
| 245 |
_aTwin Screw Extrusion: Technology and Principles / _cJames L.White, Eung K.Kim |
||
| 250 | _a2nd edition | ||
| 260 |
_aUSA _bHanser _c2010 |
||
| 300 | _a318p | ||
| 942 |
_cBK _2ddc |
||
| 999 |
_c564505 _d564505 |
||